Los números reales

Spremljeno u:
Bibliografski detalji
Glavni autori: Mena Lorca, Jaime Juan Fernando (autor), Arancibia Carvajal, Sara (Autor)
Format: Knjiga
Jezik:španjolski
Izdano: Valparaíso Universidad Católica de Valparaíso 1990
Teme:
Oznake: Dodaj oznaku
Bez oznaka, Budi prvi tko označuje ovaj zapis!

MARC

LEADER 00000nam a2200000 a 4500
001 UCS1456
003 CL-VaPUC
008 970509e19900000CL |||||||||||||||||spa|d
082 0 4 |a 512.72  |b MEN  |2 21 
100 |a Mena Lorca, Jaime Juan Fernando  |e autor  |9 601130 
700 0 |a Arancibia Carvajal, Sara  |e author  |9 385923 
245 1 4 |a Los números reales 
300 |a 116 p 
942 |c BK 
945 |d 19970509 00:00:00  |a amoreno 
260 |a Valparaíso  |b Universidad Católica de Valparaíso  |c 1990 
650 0 |a Números reales   |9 270334 
650 7 |a AXIOMAS  |2 CL-VaPUC  |9 385924 
650 0 |a Ecuaciones  |9 260137 
650 0 |a Valor absoluto  |9 385925 
583 |a last modification  |c 19970509 00:00:00  |k Rodrigo Vera 
999 |c 259536  |d 259534 
952 |0 0  |1 0  |4 0  |6 512_720000000000000_MEN_1990  |7 0  |8 A  |9 284389  |a BIBMAT  |b BIBMAT  |d 2019-11-19  |i 3304051  |o 512.72 MEN 1990  |p 3304051  |r 2025-01-07  |w 2019-11-19  |y BK  |k MAT 
952 |0 0  |1 0  |4 0  |6 512_720000000000000_MEN_1990  |7 0  |8 A  |9 284390  |a BIBMAT  |b BIBMAT  |d 2019-11-19  |i 2623811  |o 512.72 MEN 1990  |p 2623811  |r 2025-01-07  |w 2019-11-19  |y BK  |k MAT 
952 |0 0  |1 0  |4 0  |6 512_720000000000000_MEN_1990  |7 0  |8 A  |9 284391  |a BIBMAT  |b BIBMAT  |d 2019-11-19  |i 262382K  |o 512.72 MEN 1990  |p 262382K  |r 2025-01-07  |w 2019-11-19  |y BK  |k MAT 
952 |0 0  |1 0  |4 0  |6 512_720000000000000_MEN_1990  |7 0  |8 A  |9 284392  |a BIBMAT  |b BIBMAT  |d 2019-11-19  |i 2623838  |o 512.72 MEN 1990  |p 2623838  |r 2025-01-07  |w 2019-11-19  |y BK  |k MAT 
952 |0 0  |1 0  |4 0  |6 512_720000000000000_MEN_1990  |7 0  |8 A  |9 284393  |a BIBMAT  |b BIBMAT  |d 2019-11-19  |i 2623846  |l 2  |o 512.72 MEN 1990  |p 2623846  |r 2025-01-07  |s 2023-04-06  |w 2019-11-19  |y BK  |k MAT 
952 |0 0  |1 0  |4 0  |6 512_720000000000000_MEN_1990  |7 0  |8 A  |9 284395  |a BIBING  |b BIBING  |d 2019-11-19  |i 2623870  |l 2  |o 512.72 MEN 1990  |p 2623870  |r 2025-01-20  |s 2022-09-07  |w 2019-11-19  |y BK  |k EII 
952 |0 0  |1 0  |4 0  |6 512_720000000000000_MEN_1990  |7 0  |8 A  |9 284398  |a BIBMAT  |b BIBMAT  |d 2019-11-19  |i 2965372  |o 512.72 MEN 1990  |p 2965372  |r 2025-01-07  |w 2019-11-19  |y BK  |k MAT 
952 |0 0  |1 0  |4 0  |6 512_720000000000000_MEN_1990  |7 0  |8 A  |9 284399  |a BIBMAT  |b BIBMAT  |d 2019-11-19  |i 2965380  |o 512.72 MEN 1990  |p 2965380  |r 2025-01-07  |w 2019-11-19  |y BK  |k MAT 
952 |0 0  |1 0  |4 0  |6 512_720000000000000_MEN_1990  |7 0  |8 A  |9 284400  |a BIBMAT  |b BIBMAT  |d 2019-11-19  |i 2965399  |o 512.72 MEN 1990  |p 2965399  |r 2025-01-07  |w 2019-11-19  |y BK  |k MAT 
952 |0 0  |1 0  |4 0  |6 512_720000000000000_MEN_1990  |7 0  |8 A  |9 284401  |a BIBMAT  |b BIBMAT  |d 2019-11-19  |i 2965402  |o 512.72 MEN 1990  |p 2965402  |r 2025-01-07  |w 2019-11-19  |y BK  |k MAT 
952 |0 0  |1 0  |4 0  |6 512_720000000000000_MEN_1990  |7 0  |8 A  |9 284404  |a BIBMAT  |b BIBMAT  |d 2019-11-19  |i 3232433  |o 512.72 MEN 1990  |p 3232433  |r 2025-01-07  |w 2019-11-19  |y BK  |k MAT 
952 |0 0  |1 0  |4 0  |6 512_720000000000000_MEN_1990  |7 0  |8 A  |9 284405  |a BIBING  |b BIBING  |d 2019-11-19  |i 3354733  |l 2  |o 512.72 MEN 1990  |p 3354733  |r 2025-04-07  |s 2025-03-28  |w 2019-11-19  |y BK  |k EII